Daty w historii Polski z marginesem błędu #2 - Statystyki

Ogólne statystyki
  • Ten quiz został rozwiązany 204 razy
  • Średni wynik to 10 z 17
Statystyki odpowiedzi
Wskazówka Margines
błędu
Odpowiedź % Poprawnych
dokonano I rozbioru Polski 5 1772
86%
Lech Kaczyński umiera w zamachu smoleńskim 2 2010
81%
odbywa się zjazd gnieźnieński 4 1000
79%
Albrecht Hohenzollern składa hołd lenny królowi Zygmuntowi I Staremu 10 1525
78%
dochodzi do przewrotu majowego 4 1926
71%
Henryk Sienkiewicz uzyskuje Nagrodę Nobla w dziedzinie literatury 10 1905
67%
August III Sas zostaje koronowany na króla Polski 30 1734
66%
powstanie styczniowe dobiega końca 5 1865
65%
Augustyn Kordecki ze Stanisławem Warszyckim dowodzi obroną klasztoru na Jasnej Górze podczas jego oblężenia 8 1655
64%
otwarta zostaje droga szybkiego ruchu łącząca Katowice z Warszawą, potocznie nazywaną Gierkówką 8 1976
60%
Jadwiga Andegaweńska umiera 12 1399
59%
Henryk III Walezy ucieka z Polski do Francji 15 1574
56%
podpisano cztery porozumienia sierpniowe 5 1980
52%
zawarto unię lubelską 5 1569
51%
podpisany zostaje II pokój toruński, w wyniku którego Polska odzyskuje dostęp do morza 20 1466
42%
wydana zostaje książka "O obrotach sfer niebieskich" Mikołaja Kopernika, w której po raz pierwszy opublikowano teorię heliocentryczną 15 1543
38%
zamek w Bobolicach zostaje wzniesiony* 50 1352
25%
Nie znaleziono quizów pasujących do podanych kryteriów
Rozkład punktacji
Procent ludzi z każdym wynikiem
Percentyl według liczby udzielonych odpowiedzi
Twoja historia wyników
Nie rozwiązałeś tego quizu